[Event "M.Chigorin Memorial 2017 "]
[Site "?????-?????????"]
[Date "2017.10.26"]
[Round "6"]
[Board "126"]
[White "Huseynov, Murad"]
[Black "Bulsoev, Alexander"]
[Result "1-0"]
[WhiteElo "2076"]
[BlackElo "1853"]
[PlyCount "71"]
[EventDate "2017.10.21"]
[EventRounds "9"]
[EventCountry "RUS"]

1. d4 d5 2. Nf3 c6 3. e3 Bf5 4. Be2 Nf6 5. O-O e6 6. Ne5 Nbd7 7. f4 h5 8. Nd2
Nxe5 9. fxe5 Ne4 10. Nxe4 dxe4 11. Bd2 h4 12. Bg4 g6 13. Be2 Qg5 14. Qe1 Be7
15. Qf2 Qh6 16. a4 Rd8 17. Bc4 g5 18. Qe2 Bg6 19. Rf2 Bh5 20. Qe1 h3 21. g3 Bf3
22. Bb4 Qf8 23. Bxe7 Qxe7 24. Bb3 O-O 25. c3 f6 26. exf6 Rxf6 27. Bd1 Rdf8 28.
Bxf3 Qf7 29. Qd2 Rxf3 30. Raf1 Qh5 31. Rxf3 Rxf3 32. Re1 Qf7 33. c4 Rf2 34.
Qxf2 Qe7 35. Rf1 Kg7 36. Qe2  1-0

[Event "M.Chigorin Memorial 2017 "]
[Site "?????-?????????"]
[Date "2017.10.26"]
[Round "6"]
[Board "127"]
[White "Ismagilov, Damir"]
[Black "Yurasova, Daria"]
[Result "1-0"]
[WhiteElo "2058"]
[BlackElo "1849"]
[PlyCount "159"]
[EventDate "2017.10.21"]
[EventRounds "9"]
[EventCountry "RUS"]

1. d4 Nf6 2. Nc3 d5 3. Bf4 g6 4. Qd2 Bg7 5. Bh6 O-O 6. Bxg7 Kxg7 7. O-O-O Qd6
8. Nf3 c5 9. e3 c4 10. e4 Qa6 11. exd5 b5 12. Ne5 Bb7 13. a4 Bxd5 14. Kb1 Qb7
15. axb5 a6 16. b6 Rc8 17. Nxd5 Qxd5 18. Qb4 a5 19. Bxc4 Qb7 20. Qb5 Ra6 21.
Qb3 Rxb6 22. Qa3 Nc6 23. Nxf7 Rb8 24. b3 a4 25. Qc1 Ng8 26. Qe3 Rb4 27. Be6 Qb6
28. Rhe1 Nxd4 29. Ng5 Qa7 30. Bxg8 Kxg8 31. Qxe7 Qxe7 32. Rxe7 Nf5 33. Re4 Rxe4
34. Nxe4 axb3 35. cxb3 Rxb3+ 36. Kc2 Rb4 37. Rd8+ Kf7 38. Rd7+ Ke6 39. Nc5+ Kf6
40. Kd3 h6 41. Rc7 Rd4+ 42. Ke2 Rb4 43. Rc6+ Kf7 44. Rc7+ Kf6 45. g3 Rb2+ 46.
Kf3 Nd4+ 47. Ke4 Nf5 48. Rc6+ Kf7 49. Nd3 Re2+ 50. Kf4 Ne7 51. Ra6 Nd5+ 52. Kf3
Re7 53. h4 h5 54. Rd6 Nf6 55. Nf4 Ra7 56. Nd5 Ra3+ 57. Ne3 Ra2 58. Rc6 Nd7 59.
Rc2 Ra6 60. Kf4 Rf6+ 61. Kg5 Ne5 62. Ra2 Kg7 63. Ra7+ Nf7+ 64. Rxf7+ Rxf7 65.
f4 Re7 66. Nd5 Rd7 67. Nf6 Rd3 68. g4 Rg3 69. f5 gxf5 70. Nxh5+ Kf7 71. Nxg3
fxg4 72. Kxg4 Kg6 73. Nf5 Kh7 74. Kg5 Kh8 75. Kg6 Kg8 76. Nh6+ Kh8 77. Nf7+ Kg8
78. h5 Kf8 79. h6 Kg8 80. h7+  1-0

[Event "M.Chigorin Memorial 2017 "]
[Site "?????-?????????"]
[Date "2017.10.26"]
[Round "6"]
[Board "128"]
[White "Zolotyh, Lev"]
[Black "Divya, Deshmukh"]
[Result "1/2-1/2"]
[WhiteElo "1831"]
[BlackElo "2051"]
[PlyCount "85"]
[EventDate "2017.10.21"]
[EventRounds "9"]
[EventCountry "RUS"]

1. e4 c5 2. Nf3 d6 3. d4 cxd4 4. Nxd4 Nf6 5. Nc3 a6 6. Be2 e6 7. O-O Qc7 8. f4
Be7 9. Kh1 Nbd7 10. Qe1 Nc5 11. Bf3 e5 12. fxe5 dxe5 13. Qg3 Bd7 14. Be3 O-O-O
15. Nb3 Rhg8 16. Nd5 Nxd5 17. exd5 Na4 18. Bg4 f6 19. c4 Kb8 20. Rac1 Bxg4 21.
Qxg4 Nc5 22. Nxc5 Bxc5 23. Bxc5 Qxc5 24. a3 Rc8 25. Qe4 Qe7 26. b4 g6 27. Qh4
Rgf8 28. c5 e4 29. Rce1 Rce8 30. d6 Qe6 31. Qxh7 f5 32. Qc7+ Ka8 33. c6 Qc8 34.
Qxc8+ Rxc8 35. d7 Rcd8 36. Rc1 bxc6 37. Rxc6 Kb7 38. Rxg6 Rxd7 39. Kg1 Rd3 40.
Rg5 e3 41. Re1 Rxa3 42. Rg3 f4 43. Rf3  1/2-1/2

[Event "M.Chigorin Memorial 2017 "]
[Site "?????-?????????"]
[Date "2017.10.26"]
[Round "6"]
[Board "129"]
[White "Zabolotnov, Evgeny"]
[Black "Thrish, Karthik"]
[Result "1/2-1/2"]
[WhiteElo "2049"]
[BlackElo "1843"]
[PlyCount "76"]
[EventDate "2017.10.21"]
[EventRounds "9"]
[EventCountry "RUS"]

1. d4 Nf6 2. c4 c5 3. d5 g6 4. Nc3 Bg7 5. e4 d6 6. Bd3 a6 7. a4 O-O 8. h3 e6 9.
Nf3 e5 10. O-O Nbd7 11. Re1 h6 12. a5 Nh7 13. Qc2 g5 14. Bd2 Nhf6 15. Nh2 Re8
16. Na4 Nh5 17. Bf1 Rf8 18. b4 f5 19. exf5 e4 20. Ra3 Ne5 21. g4 cxb4 22. Bxb4
Nf6 23. Nb6 Rb8 24. c5 h5 25. cxd6 hxg4 26. hxg4 Nfxg4 27. Nxg4 Nxg4 28. Nxc8
Rxc8 29. Qxe4 Ne5 30. Rc3 g4 31. Rxc8 Qxc8 32. d7 Qd8 33. Re3 Rf7 34. Qf4 Nf3+
35. Qxf3 gxf3 36. Re8+ Rf8 37. Rxd8 Rxd8 38. f6 Bf8  1/2-1/2

[Event "M.Chigorin Memorial 2017 "]
[Site "?????-?????????"]
[Date "2017.10.26"]
[Round "6"]
[Board "130"]
[White "Zavgorodniaya, Alena"]
[Black "Shoshin, Kirill"]
[Result "1-0"]
[WhiteElo "2039"]
[BlackElo "1831"]
[PlyCount "87"]
[EventDate "2017.10.21"]
[EventRounds "9"]
[EventCountry "RUS"]

1. e4 e6 2. d4 d5 3. Nd2 c5 4. exd5 exd5 5. Bb5+ Bd7 6. Bxd7+ Nxd7 7. Ngf3 Bd6
8. dxc5 Bxc5 9. O-O Ne7 10. Nb3 O-O 11. Nxc5 Nxc5 12. Re1 Rc8 13. Bg5 f6 14.
Bd2 Ne4 15. Bb4 Re8 16. Rc1 Kh8 17. Ba3 Nf5 18. Nd2 Qb6 19. Nxe4 dxe4 20. Qd5
Re5 21. Qb3 Qa6 22. Rcd1 Rce8 23. Rd7 b6 24. Qf7 Qa5 25. c3 Rg8 26. Bf8 a6 27.
g4 e3 28. Rxe3 Qa4 29. gxf5 Qg4+ 30. Kf1 Rxe3 31. Bxg7+ Qxg7 32. Qxg7+ Rxg7 33.
Rd8+ Re8 34. Rxe8+ Rg8 35. Rxg8+ Kxg8 36. Ke2 Kf7 37. Kd3 Ke7 38. a4 Kd6 39.
Kd4 Kc6 40. b4 Kd6 41. c4 Kc6 42. c5 a5 43. b5+ Kd7 44. cxb6  1-0

[Event "M.Chigorin Memorial 2017 "]
[Site "?????-?????????"]
[Date "2017.10.26"]
[Round "6"]
[Board "131"]
[White "Savinov, Leonid"]
[Black "Titievskaya, Elizaveta"]
[Result "1-0"]
[WhiteElo "2035"]
[BlackElo "1798"]
[PlyCount "135"]
[EventDate "2017.10.21"]
[EventRounds "9"]
[EventCountry "RUS"]

1. d4 d5 2. c4 dxc4 3. Nf3 Nf6 4. e3 g6 5. Bxc4 Bg7 6. Ne5 O-O 7. Qb3 Qe8 8.
Nc3 a6 9. O-O Nc6 10. Nxc6 Qxc6 11. Bd2 Qd7 12. Be2 c6 13. a4 Rd8 14. Bc4 e6
15. a5 Qc7 16. f4 c5 17. d5 exd5 18. Be2 Be6 19. Qb6 Qxb6 20. axb6 d4 21. exd4
cxd4 22. Na4 Ne4 23. Ba5 f5 24. Bd3 Rac8 25. Rfc1 Bb3 26. Rc7 Bf8 27. Rac1 Be6
28. b4 Bd6 29. g3 Re8 30. Nc5 Nxc5 31. bxc5 Bxc7 32. bxc7 Bd5 33. Bc4 Bxc4 34.
Rxc4 Re4 35. Rb4 Kf7 36. Rxb7 h6 37. Kf2 d3 38. Rb8 Ree8 39. Rb3 g5 40. Rxd3
gxf4 41. gxf4 Rg8 42. Rd7+ Kg6 43. Kf3 Rge8 44. Rd6+ Kg7 45. h4 h5 46. Rd1 Kf7
47. Rd5 Kg6 48. Rd6+ Kf7 49. Rxa6 Re6 50. Bb6 Rxc7 51. Ra3 Rc8 52. Rd3 Ke8 53.
Rd5 Rf6 54. Ke3 Ra8 55. Kd4 Rf7 56. Ke5 Rc8 57. Rd6 Ke7 58. c6 Rg7 59. Re6+ Kf8
60. c7 Rf7 61. Kd6 Ra8 62. Kc6 Kg7 63. Kb7 Rff8 64. Rd6 Rfc8 65. Rd8 Rxd8 66.
cxd8=Q Rxd8 67. Bxd8 Kf7 68. Kc6  1-0

[Event "M.Chigorin Memorial 2017 "]
[Site "?????-?????????"]
[Date "2017.10.26"]
[Round "6"]
[Board "132"]
[White "Smorodkin, Kirill"]
[Black "Popovich, Alexey"]
[Result "1/2-1/2"]
[WhiteElo "1769"]
[BlackElo "2023"]
[PlyCount "86"]
[EventDate "2017.10.21"]
[EventRounds "9"]
[EventCountry "RUS"]

1. e4 c5 2. Nf3 d6 3. d4 cxd4 4. Nxd4 Nf6 5. Nc3 g6 6. Be3 Bg7 7. f3 O-O 8. Qd2
Nc6 9. g4 Be6 10. Nxe6 fxe6 11. O-O-O Qa5 12. Bc4 d5 13. exd5 Ne5 14. Qe2 Rac8
15. Bb3 Rxc3 16. bxc3 Nxd5 17. Rxd5 exd5 18. Bd4 Qa3+ 19. Kb1 Qd6 20. Qb5 e6
21. Bc5 Qc6 22. Qxc6 Nxc6 23. Bxf8 Kxf8 24. Re1 Ne5 25. f4 Nxg4 26. Rxe6 Nxh2
27. Bxd5 b6 28. Rc6 Ng4 29. Rc7 Ne3 30. Be6 h5 31. Rf7+ Kg8 32. f5 gxf5 33.
Rxf5+ Kh7 34. Rxh5+ Kg6 35. Rh3 Nd1 36. c4 Nc3+ 37. Kb2 Na4+ 38. Ka3 Nc5 39.
Bd5 a5 40. Rg3+ Kh7 41. Bf7 Bh6 42. Kb2 Na4+ 43. Kb1 Bf4  1/2-1/2

[Event "M.Chigorin Memorial 2017 "]
[Site "?????-?????????"]
[Date "2017.10.26"]
[Round "6"]
[Board "133"]
[White "Patel, Palak"]
[Black "Yarosh, Ruslan"]
[Result "0-1"]
[WhiteElo "1741"]
[BlackElo "2019"]
[PlyCount "100"]
[EventDate "2017.10.21"]
[EventRounds "9"]
[EventCountry "RUS"]

1. e4 d6 2. d4 Nf6 3. Nc3 e5 4. Nf3 Nbd7 5. Bc4 Be7 6. Bg5 O-O 7. Bb3 c6 8. O-O
b5 9. a3 a5 10. Re1 Rb8 11. Bh4 b4 12. axb4 axb4 13. Nb1 Qc7 14. Nbd2 exd4 15.
Nxd4 Ne5 16. Bg3 c5 17. Bxe5 dxe5 18. N4f3 Bb7 19. Bc4 Nd7 20. b3 Nb6 21. Bd3
Rbd8 22. Qb1 g5 23. Qb2 Bf6 24. h3 h5 25. Nh2 Bg7 26. Ndf3 Qe7 27. Ra7 Nc8 28.
Ra5 Nd6 29. Ra7 Ra8 30. Rxa8 Bxa8 31. Qc1 f6 32. Nf1 Bh6 33. Nh4 Qg7 34. Nf5
Nxf5 35. exf5 g4 36. Bc4+ Kh7 37. Qd1 gxh3 38. g3 Qb7 39. f3 Qxf3 40. Qxf3 Bxf3
41. Kf2 Bg4 42. Bd3 Rd8 43. Nh2 Bd2 44. Rf1 Rd4 45. Ra1 e4 46. Ra7+ Kh6 47. Be2
Bxf5 48. Ra6 Kg5 49. Ra5 h4 50. Rxc5 hxg3+  0-1

[Event "M.Chigorin Memorial 2017 "]
[Site "?????-?????????"]
[Date "2017.10.26"]
[Round "6"]
[Board "134"]
[White "Gagare, Shalmali"]
[Black "Kozyakov, Andrey"]
[Result "1-0"]
[WhiteElo "2013"]
[BlackElo "1727"]
[PlyCount "59"]
[EventDate "2017.10.21"]
[EventRounds "9"]
[EventCountry "RUS"]

1. d4 d5 2. c4 c6 3. Nc3 Nf6 4. e3 Bf5 5. cxd5 Nxd5 6. Nf3 e6 7. Bd3 Bb4 8. Qc2
Bxd3 9. Qxd3 Qc7 10. O-O O-O 11. e4 Nf4 12. Qc2 Bxc3 13. bxc3 Nd7 14. e5 Ng6
15. Ng5 Rfe8 16. f4 f6 17. Nxe6 Rxe6 18. Qb3 Nxf4 19. Bxf4 Kf7 20. Rab1 Qb6 21.
Qc2 Qa6 22. Qxh7 Rg8 23. exf6 Nf8 24. Qh5+ g6 25. Qh3 b6 26. Qg3 Nd7 27. Qh4
Nf8 28. Rbe1 Rxf6 29. Bg5 Rxf1+ 30. Rxf1+  1-0

[Event "M.Chigorin Memorial 2017 "]
[Site "?????-?????????"]
[Date "2017.10.26"]
[Round "6"]
[Board "135"]
[White "Novitckii, Andrei"]
[Black "Dmitriev, Vladimir"]
[Result "1/2-1/2"]
[WhiteElo "1688"]
[BlackElo "2013"]
[PlyCount "126"]
[EventDate "2017.10.21"]
[EventRounds "9"]
[EventCountry "RUS"]

1. d4 d5 2. e3 Nf6 3. Bd3 e6 4. Nf3 Bd6 5. Nbd2 O-O 6. b3 Nc6 7. Bb2 Nb4 8. Be2
Ne4 9. a3 Nc6 10. c4 f5 11. b4 a6 12. Qb3 Qf6 13. cxd5 exd5 14. Nxe4 fxe4 15.
Qxd5+ Be6 16. Qxe4 Rae8 17. Qc2 Kh8 18. O-O Qh6 19. Ne5 Bf5 20. Bd3 Rxe5 21.
dxe5 Nxe5 22. Bxe5 Bxe5 23. f4 Bxd3 24. Qxd3 Bxa1 25. Rxa1 Qb6 26. Rd1 h6 27.
Qd4 Qe6 28. g3 Re8 29. Rd3 b6 30. Qc3 Qe4 31. Qd4 Qf3 32. e4 Qxe4 33. Qxe4 Rxe4
34. Rc3 Re1+ 35. Kf2 Ra1 36. Kf3 h5 37. Ke4 a5 38. bxa5 bxa5 39. Kd5 a4 40. Kc6
Ra2 41. h4 Rb2 42. Kc5 Rb3 43. Kc4 Rb6 44. Kd5 c6+ 45. Kc5 Rb3 46. Kc4 Rb5 47.
Kd4 Rb6 48. Kc5 Rb8 49. Kc4 Kh7 50. Kd4 Rd8+ 51. Kc4 Rb8 52. Rd3 Rb6 53. Kc5
Rb3 54. Kc4 Rb1 55. Kc5 Kg6 56. Kxc6 Rb3 57. Rd5 Rxa3 58. Rg5+ Kf6 59. Kb5 g6
60. Kb4 Ra1 61. Re5 a3 62. Kb3 a2 63. Rg5 Rb1+  1/2-1/2

[Event "M.Chigorin Memorial 2017 "]
[Site "?????-?????????"]
[Date "2017.10.26"]
[Round "6"]
[Board "136"]
[White "Sapegin, Yaroslav"]
[Black "Zakharov, Yuri"]
[Result "1-0"]
[WhiteElo "2007"]
[BlackElo "1681"]
[PlyCount "99"]
[EventDate "2017.10.21"]
[EventRounds "9"]
[EventCountry "RUS"]

1. d4 Nf6 2. c4 e6 3. g3 Be7 4. Bg2 d5 5. Nf3 O-O 6. O-O Ne4 7. Nbd2 f5 8. Qc2
c6 9. Ne5 Nd7 10. Ndf3 Nb6 11. c5 Nd7 12. Bf4 Nxe5 13. Nxe5 Bd7 14. Rad1 Nf6
15. f3 Nh5 16. Bc1 Qc7 17. g4 fxg4 18. fxg4 Nf6 19. Rd3 Ne4 20. Bxe4 Rxf1+ 21.
Kxf1 dxe4 22. Rh3 Rf8+ 23. Kg2 Be8 24. Qxe4 g6 25. Bh6 Rf6 26. Bg5 Rf8 27. Bxe7
Qxe7 28. Rf3 Rxf3 29. Nxf3 Bf7 30. Qe5 Qd8 31. Ng5 Qd5+ 32. Qxd5 exd5 33. Nxf7
Kxf7 34. h4 h6 35. Kf3 Kf6 36. e4 g5 37. exd5 cxd5 38. hxg5+ hxg5 39. b4 Ke6
40. a4 a6 41. Ke3 Kd7 42. Kd3 Kc6 43. Kc3 Kc7 44. Kb3 Kd7 45. a5 Kc6 46. Ka4
Kd7 47. b5 Kc7 48. Kb4 Kd7 49. c6+ bxc6 50. bxa6  1-0

[Event "M.Chigorin Memorial 2017 "]
[Site "?????-?????????"]
[Date "2017.10.26"]
[Round "6"]
[Board "137"]
[White "Kobozev, Aleksandr"]
[Black "Yudkevich, Mikhail"]
[Result "0-1"]
[WhiteElo "1554"]
[BlackElo "2005"]
[PlyCount "60"]
[EventDate "2017.10.21"]
[EventRounds "9"]
[EventCountry "RUS"]

1. e4 g6 2. d4 Bg7 3. Nc3 d6 4. Nf3 a6 5. a4 b6 6. Be2 Nd7 7. Be3 e6 8. Qd2 h6
9. O-O Bb7 10. Ne1 Ne7 11. f4 Nf6 12. e5 Ne4 13. Nxe4 Bxe4 14. Bf3 Bxf3 15.
Nxf3 d5 16. b4 Nc6 17. b5 Na5 18. Qd3 O-O 19. Bf2 Qd7 20. Rfb1 Nc4 21. Qb3 Ra7
22. Qc3 Rfa8 23. Bh4 axb5 24. axb5 Rxa1 25. Rxa1 Rxa1+ 26. Qxa1 Qxb5 27. Qa8+
Kh7 28. h3 Ne3 29. Bf6 Qf1+ 30. Kh2 Qxg2#  0-1

[Event "M.Chigorin Memorial 2017 "]
[Site "?????-?????????"]
[Date "2017.10.26"]
[Round "6"]
[Board "138"]
[White "Gimenez, Gregoire"]
[Black "Shavykin, Oleg"]
[Result "1-0"]
[WhiteElo "1711"]
[BlackElo "2002"]
[PlyCount "83"]
[EventDate "2017.10.21"]
[EventRounds "9"]
[EventCountry "RUS"]

1. d4 Nf6 2. c4 c5 3. d5 b5 4. cxb5 a6 5. e3 g6 6. Nc3 Bg7 7. Nf3 O-O 8. Be2 d6
9. O-O axb5 10. Bxb5 Na6 11. e4 Nd7 12. Bf4 Nc7 13. Bc6 Rb8 14. Qd2 Ba6 15.
Rfe1 c4 16. Bxd7 Qxd7 17. Bh6 Rb7 18. Bxg7 Kxg7 19. Re3 Rfb8 20. Rb1 Ne8 21.
Nd4 Nf6 22. f4 e6 23. Nc6 Rc8 24. Qd4 exd5 25. exd5 Qf5 26. Ne7 Rxe7 27. Rxe7
Rc5 28. Rbe1 Qd3 29. Qxd3 cxd3 30. Ra7 Bc4 31. b4 Rc8 32. Ree7 Bxd5 33. Rac7
Ra8 34. Kf1 Bxa2 35. Ke1 Nd5 36. Rxf7+ Kg8 37. Rg7+ Kf8 38. Rcf7+ Ke8 39. Ne4
Ra6 40. Ng5 Nf6 41. Rxf6 Bc4 42. Ne4  1-0

[Event "M.Chigorin Memorial 2017 "]
[Site "?????-?????????"]
[Date "2017.10.26"]
[Round "6"]
[Board "139"]
[White "Ansat, Aldiyar"]
[Black "Anisimov, Artem"]
[Result "1-0"]
[WhiteElo "1996"]
[BlackElo "1716"]
[PlyCount "51"]
[EventDate "2017.10.21"]
[EventRounds "9"]
[EventCountry "RUS"]

1. e4 c5 2. c3 e6 3. Nf3 d5 4. exd5 exd5 5. Bb5+ Nc6 6. O-O Nf6 7. d4 Be7 8.
dxc5 O-O 9. Be3 Bg4 10. Be2 Ne4 11. Qb3 Qd7 12. Rd1 Rad8 13. Nbd2 f5 14. Bb5
Nxd2 15. Rxd2 Bxf3 16. gxf3 f4 17. Rxd5 Na5 18. Rxd7+ Nxb3 19. Bc4+ Kh8 20.
Rxe7 Nxa1 21. Bd4 Rf6 22. Bxf6 gxf6 23. Rxb7 Rd1+ 24. Kg2 Rd2 25. c6 Nc2 26.
Kh3  1-0

[Event "M.Chigorin Memorial 2017 "]
[Site "?????-?????????"]
[Date "2017.10.26"]
[Round "6"]
[Board "140"]
[White "Vunder, Andrey"]
[Black "Arbuzov, Timofey"]
[Result "1-0"]
[WhiteElo "2161"]
[BlackElo "1658"]
[PlyCount "120"]
[EventDate "2017.10.21"]
[EventRounds "9"]
[EventCountry "RUS"]

1. d4 Nf6 2. Nf3 g6 3. c4 Bg7 4. Nc3 d6 5. h3 Nbd7 6. Bf4 O-O 7. e3 c6 8. Be2
Re8 9. O-O a5 10. Bh2 b6 11. Qc2 Bb7 12. Rfd1 Qc7 13. Rac1 e5 14. a3 h6 15. b4
axb4 16. axb4 Bf8 17. Qb3 exd4 18. Nxd4 Ne5 19. Nf3 Ra7 20. c5 dxc5 21. Nxe5
Rxe5 22. bxc5 b5 23. Bxe5 Qxe5 24. Bf3 Bxc5 25. Rd8+ Kg7 26. Qd1 Ra3 27. Nxb5
Ra2 28. Nd6 Rxf2 29. Rxc5 Qxe3 30. Ne8+ Nxe8 31. Qd4+ Qxd4 32. Rxd4 Rb2 33. Rd8
Nc7 34. Rc1 Ne6 35. Rd7 Nf4 36. Re1 Bc8 37. Rc7 Be6 38. Rxc6 Bd5 39. Bxd5 Nxd5
40. Rc4 Rb4 41. Rxb4 Nxb4 42. Rd1 Nc6 43. Kf2 h5 44. Rd5 Ne7 45. Ra5 Nf5 46.
Kf3 Nd4+ 47. Ke4 Ne6 48. Ke5 Ng5 49. Ra6 Nh7 50. Ra7 Ng5 51. Kd6 Ne6 52. Ke7
Nf4 53. Ra2 Ne6 54. Rf2 Nd4 55. Rxf7+ Kh6 56. Kf6 Ne2 57. Rf8 Kh7 58. Kg5 Kg7
59. Rf6 Ng3 60. Rxg6+ Kf7  1-0

[Event "M.Chigorin Memorial 2017 "]
[Site "?????-?????????"]
[Date "2017.10.26"]
[Round "6"]
[Board "141"]
[White "Efimenko, Aleksandr"]
[Black "Zakirov, Rafael"]
[Result "0-1"]
[WhiteElo "1865"]
[BlackElo "2120"]
[PlyCount "138"]
[EventDate "2017.10.21"]
[EventRounds "9"]
[EventCountry "RUS"]

1. e4 e6 2. d4 d5 3. Nc3 Bb4 4. e5 Nc6 5. Qg4 Bf8 6. a3 b6 7. Nf3 Bb7 8. Bd3
Qd7 9. Bd2 O-O-O 10. b4 Kb8 11. Na2 f5 12. Qf4 g6 13. Qe3 Bh6 14. Qe2 Bxd2+ 15.
Qxd2 Nge7 16. Nc1 h6 17. Nb3 Nc8 18. a4 g5 19. a5 N6e7 20. Ng1 Ng6 21. c3 Nf4
22. Bf1 Rdg8 23. Ne2 Nxe2 24. Bxe2 h5 25. O-O-O Bc6 26. Kb2 Bb5 27. Na1 f4 28.
Nc2 Rf8 29. Na3 Bxe2 30. Qxe2 g4 31. f3 Rhg8 32. Rd2 Rg7 33. Nc2 Rfg8 34. Rhd1
h4 35. fxg4 Rxg4 36. Ne1 Qg7 37. Qf3 Qg5 38. Kb3 Qf5 39. Re2 Qg5 40. a6 Ne7 41.
Rc1 Nf5 42. Rcc2 Ne3 43. Rcd2 Nc4 44. Ra2 Ne3 45. Rf2 Qf5 46. h3 Rg3 47. Qxf4
Qb1+ 48. Rab2 Qd1+ 49. Nc2 Nf5 50. Rd2 Qg1 51. Ka2 Rxc3 52. Rb1 Rxc2+ 53. Rxc2
Qxd4 54. Qxd4 Nxd4 55. Rd2 Nc6 56. Re2 Kc8 57. b5 Nd4 58. Rd2 c5 59. bxc6 Nxc6
60. Ka3 Nxe5 61. Re2 Nc4+ 62. Kb4 Kd7 63. Rf1 Nd6 64. Rf6 Re8 65. Rh6 Nf5 66.
Rh7+ Kd6 67. Rd2 Re7 68. Rxe7 Nxe7 69. Rd4 Nc6+  0-1

[Event "M.Chigorin Memorial 2017 "]
[Site "?????-?????????"]
[Date "2017.10.26"]
[Round "6"]
[Board "142"]
[White "Leonova, Ameliya"]
[Black "Mitra, Roman C"]
[Result "0-1"]
[WhiteElo "1798"]
[BlackElo "2087"]
[PlyCount "60"]
[EventDate "2017.10.21"]
[EventRounds "9"]
[EventCountry "RUS"]

1. e4 a6 2. d4 e6 3. Nf3 d5 4. exd5 Qxd5 5. c4 Qd8 6. Nc3 Nf6 7. Bd3 c5 8. Bc2
cxd4 9. Qxd4 Qa5 10. Bg5 Be7 11. O-O-O Nc6 12. Qh4 Bd7 13. Ne4 Nxe4 14. Bxe4
Qxa2 15. Bb1 Qa4 16. Rhe1 Rc8 17. Bxe7 Nxe7 18. Ne5 Bb5 19. Bc2 Qa1+ 20. Kd2
Qxb2 21. Nd3 Qa2 22. Ne5 Rd8+ 23. Kc3 Qa3+ 24. Bb3 Rxd1 25. Rxd1 Ba4 26. Rb1
Bxb3 27. Rxb3 Qa5+ 28. Kd3 Qxe5 29. Rxb7 Nf5 30. Qh3 Qd4+  0-1

[Event "M.Chigorin Memorial 2017 "]
[Site "?????-?????????"]
[Date "2017.10.26"]
[Round "6"]
[Board "143"]
[White "Lazhevskaya, Zhanni"]
[Black "Ponomarev, Denis"]
[Result "0-1"]
[WhiteElo "2086"]
[BlackElo "1811"]
[PlyCount "110"]
[EventDate "2017.10.21"]
[EventRounds "9"]
[EventCountry "RUS"]

1. e4 c5 2. Nf3 e6 3. d4 cxd4 4. Nxd4 a6 5. g3 b6 6. Bg2 Bb7 7. O-O d6 8. c4
Nd7 9. b3 Ngf6 10. Nc3 Be7 11. Bb2 Qc7 12. Qe2 O-O 13. Rad1 Rac8 14. Rfe1 Qb8
15. f4 Rfe8 16. f5 e5 17. Nc2 Bc6 18. Nb4 Bb7 19. g4 h6 20. Qf3 b5 21. cxb5
axb5 22. h4 Qa7+ 23. Kh2 Qa5 24. a3 d5 25. Ncxd5 Nxd5 26. Nxd5 Bxh4 27. Re2 Nf6
28. Nxf6+ Bxf6 29. Red2 Bg5 30. Rd7 Bf4+ 31. Kh1 Bc6 32. R7d6 Red8 33. Qd3 Rxd6
34. Qxd6 Qc7 35. Bf3 Bb7 36. Qxc7 Rxc7 37. Rd8+ Kh7 38. Rb8 Rd7 39. a4 bxa4 40.
bxa4 Bc6 41. a5 Rd3 42. Rb6 Ba8 43. Rb8 Rxf3 44. Rxa8 Rb3 45. Rf8 Rxb2 46. Rxf7
Kg8 47. Ra7 Ra2 48. a6 Rh2+ 49. Kg1 Be3+ 50. Kxh2 Bxa7 51. Kg3 Kf7 52. Kh4 Kf6
53. Kh5 Bf2 54. g5+ hxg5 55. Kg4 g6  0-1

[Event "M.Chigorin Memorial 2017 "]
[Site "?????-?????????"]
[Date "2017.10.26"]
[Round "6"]
[Board "144"]
[White "Orlov, Alexandr"]
[Black "Shakhmatov, Roman"]
[Result "1-0"]
[WhiteElo "2075"]
[BlackElo "1787"]
[PlyCount "61"]
[EventDate "2017.10.21"]
[EventRounds "9"]
[EventCountry "RUS"]

1. e4 e6 2. d4 d5 3. e5 c5 4. c3 Nc6 5. Nf3 Bd7 6. a3 f6 7. b4 fxe5 8. dxe5 Qc7
9. Bf4 O-O-O 10. Bd3 h6 11. Bg3 g5 12. O-O c4 13. Bc2 Bg7 14. Re1 Nge7 15. b5
Na5 16. Nd4 h5 17. h3 Rdf8 18. Nd2 Qb6 19. Rb1 Nf5 20. Bxf5 h4 21. Bh2 exf5 22.
e6 Be8 23. e7 Rf7 24. Re6 Bxd4 25. Rxb6 Bxb6 26. Bd6 Rh6 27. Bb4 Re6 28. Nf3
Rg6 29. Ne5 Rxe7 30. Nxg6 Re4 31. Ne7+  1-0

[Event "M.Chigorin Memorial 2017 "]
[Site "?????-?????????"]
[Date "2017.10.26"]
[Round "6"]
[Board "145"]
[White "Protasova, Anastasia"]
[Black "Golovkina, Anastasia"]
[Result "0-1"]
[WhiteElo "1780"]
[BlackElo "2035"]
[PlyCount "76"]
[EventDate "2017.10.21"]
[EventRounds "9"]
[EventCountry "RUS"]

1. d4 d5 2. c4 e6 3. Nf3 Nf6 4. Nc3 Be7 5. Bf4 O-O 6. e3 Nbd7 7. c5 Nh5 8. Bd3
Nxf4 9. exf4 b6 10. b4 c6 11. O-O Qc7 12. g3 a5 13. a3 Ba6 14. Kg2 Bxd3 15.
Qxd3 Ra7 16. Rfe1 Rfa8 17. Rac1 axb4 18. axb4 Ra3 19. f5 Nf8 20. Qc2 Bf6 21.
Re3 exf5 22. Qxf5 Ne6 23. Rd1 bxc5 24. bxc5 Qa5 25. Ne2 Ra4 26. h4 h6 27. Ne5
Bxe5 28. Qxe5 Ra1 29. Rxa1 Qxa1 30. Rc3 Qb2 31. Qe3 Ra2 32. Nf4 Nxf4+ 33. gxf4
Qb1 34. Rb3 Qg6+ 35. Kh2 Ra1 36. Qf3 Qf6 37. Rb8+ Kh7 38. Qg4 Ra4  0-1

[Event "M.Chigorin Memorial 2017 "]
[Site "?????-?????????"]
[Date "2017.10.26"]
[Round "6"]
[Board "146"]
[White "Terzyan, Nazar"]
[Black "Shmoilov, Dmitry"]
[Result "1-0"]
[WhiteElo "1717"]
[BlackElo "1962"]
[PlyCount "65"]
[EventDate "2017.10.21"]
[EventRounds "9"]
[EventCountry "RUS"]

1. e4 c5 2. Nf3 g6 3. d4 Bg7 4. Nc3 cxd4 5. Nxd4 Nc6 6. Be3 Nf6 7. f3 d6 8. Qd2
O-O 9. O-O-O d5 10. Nxc6 bxc6 11. exd5 Nxd5 12. Nxd5 cxd5 13. Bh6 Bh8 14. Bxf8
Qxf8 15. Qxd5 Be6 16. Qa5 Rb8 17. c3 Rb6 18. Kb1 Qb8 19. Ka1 Be5 20. g3 Kg7 21.
Rd2 Bc7 22. Qa4 Bf5 23. Bc4 Be5 24. Bb3 Qc7 25. Qc4 Rc6 26. Qxf7+ Kh6 27. Qf8+
Bg7 28. Qd8 Qb7 29. Bd5 Qc7 30. Bxc6 Qxc6 31. Qxe7 Bf6 32. Qd6 Qxf3 33. Qf4+
 1-0

[Event "M.Chigorin Memorial 2017 "]
[Site "?????-?????????"]
[Date "2017.10.26"]
[Round "6"]
[Board "147"]
[White "Surovtseva, Alisa"]
[Black "Dushin, Nikolay"]
[Result "0-1"]
[WhiteElo "1693"]
[BlackElo "1956"]
[PlyCount "144"]
[EventDate "2017.10.21"]
[EventRounds "9"]
[EventCountry "RUS"]

1. e4 g6 2. d4 Bg7 3. Nc3 a6 4. Be3 d6 5. Qd2 Nd7 6. f3 e6 7. Nge2 h6 8. h4 b5
9. a3 Nb6 10. Nf4 Ne7 11. Be2 Rb8 12. g3 c6 13. Kf2 Qc7 14. Ng2 c5 15. dxc5
dxc5 16. Bf4 e5 17. Be3 Be6 18. Rad1 b4 19. axb4 cxb4 20. Nb1 Bc4 21. Qd6 Qxd6
22. Rxd6 Nbc8 23. Rd2 Bxe2 24. Kxe2 O-O 25. Rhd1 Nc6 26. Bc5 Re8 27. c3 a5 28.
Bd6 bxc3 29. bxc3 Rb3 30. Ne3 h5 31. Nc4 Bh6 32. Rd5 f6 33. Rc5 N8a7 34. Nxa5
Rb2+ 35. Kf1 Nxa5 36. Rxa5 Nb5 37. Bb4 Rb8 38. Ra6 Bg7 39. Rc6 Nd4 40. cxd4
R8xb4 41. Rc8+ Kh7 42. Nc3 exd4 43. Nd5 R4b3 44. f4 Rxg3 45. Rc7 Kh6 46. Ne7
Rf3+ 47. Kg1 Rxf4 48. Ng8+ Kh7 49. Ne7 Rg4+ 50. Kf1 Rxh4 51. Kg1 Rg4+ 52. Kf1
Rxe4 53. Nd5 Kh6 54. Ne7 Bf8 55. Ng8+ Kg5 56. Rf7 Rf4+ 57. Kg1 Bc5 58. Rc7 Bb6
59. Rb7 d3+ 60. Rxb6 Rxb6 61. Rxd3 Re6 62. Rd8 h4 63. Rd5+ f5 64. Rd7 Rfe4 65.
Rh7 Re1+ 66. Kg2 R6e2+ 67. Kf3 Re3+ 68. Kg2 R1e2+ 69. Kf1 Ra2 70. Rd7 h3 71.
Rh7 Rb3 72. Re7 h2  0-1